000 00329nam a22001457a 4500
008 210311b ||||| |||| 00| 0 eng d
020 _a9781323294703
041 _aeng
080 _25th
_a82
082 _25th
_a82
100 _a22
101 _aGJL
245 _aPerspectives on the Short Story
_cNewcomer,C
942 _2udc
_cBK
999 _c56460
_d56460